| 000 | 01174cam a22002531i 4500 | ||
|---|---|---|---|
| 003 | SA-RiAUC | ||
| 005 | 20250210070758.0 | ||
| 008 | 250204s1992 su g 00000 ara c | ||
| 040 |
_aSA-RiAUC _bara _cSA-RiAUC _erda |
||
| 082 | 0 | 4 |
_a001.2 _qSA-RiAUC |
| 090 |
_a001.2 _bس ا ع |
||
| 100 | 1 |
_aساعاتي، يحيى محمود جنيد، _d1366 هجري- _eمؤلف. |
|
| 245 | 1 | 0 |
_aصورة الحياة العلمية في القرن التاسع الهجري من خلال الضوء اللامع للسخاوي / _cيحيى محمود ساعاتي. |
| 264 | 1 |
_aالرياض : _bدار العلوم للطباعة والنشر، _c1992 |
|
| 300 |
_a87 صفحة ؛ _c22 سم |
||
| 336 |
_aنص _btxt _2rdacontent _3كتاب |
||
| 337 |
_aبدون وسيط _bn _2rdamedia |
||
| 338 |
_aمجلد _bnc _2rdacarrier |
||
| 650 | 7 |
_aالعلوم _xتاريخ _yقرن 15 _2aucsh |
|
| 653 | _aالمعارف العامة | ||
| 700 | 1 | 2 |
_iجمع من (عمل) : _aالسخاوي، محمد بن عبد الرحمن بن محمد، _d831-902 هجري. _tالضوء اللامع لأهل القرن التاسع. |
| 942 |
_2ddc _cBOOK _n0 |
||
| 949 |
_aSA-JeALM _d250204 _umohamedma123 _n1 |
||
| 999 |
_c5769 _d5769 |
||